Spektrum vydavateľskej činnosti

Bibliographic Details
Main Authors: Tazberík, Ján, 1950- (Author), Bakoš, Samuel, 1932-2022 (Author)
Format: Article
Language:Slovak
Subjects:

MARC

LEADER 00000nab a2200000 a 4500
001 vtls000518881
003 SK-MaSNL
005 20260304170544.0
008 120928c1994 xo 0 slo
015 |a SNBRB19rr/mm-uuuuu 
035 |a CL0519019 
040 |a SNKBUCL  |b slo  |c SNKBUCL  |e AACR2 
041 0 |a slo 
044 |a xo  |c SK 
080 |a 374:061.21(437.6)  |2 1981 
080 |a 016  |2 1981 
080 |a 008(437.6):061.66  |2 1981 
100 1 |a Tazberík, Ján,  |d 1950-  |4 aut  |9 182572 
245 1 0 |a Spektrum vydavateľskej činnosti  |c Ján Tazberík 
500 |a Rec. dielo zostavil Samuel Bakoš 
610 2 7 |a Národné osvetové centrum  |2 snkbucl  |9 33142 
651 7 |a 5100  |2 snkbucl  |9 166206 
655 7 |a články z novín a časopisov  |2 snkbucl  |9 267496 
700 1 |a Bakoš, Samuel,  |d 1932-2022  |4 aut  |9 200555 
773 0 |t Knižná revue  |g Roč. 4, č. 10 (1994), s. 5 
787 0 8 |i Rec.:  |t Vydavateľská činnosť Národného osvetového centra za roky 1953-1993. I., II.  |d Bratislava : Národné osvetové centrum, 1993 
850 |a Slovenská národná knižnica v Martine  |a MTA001 
852 |a SNK  |b KIS3GCP 
958 |a RK 
992 |a RBX 
999 |c 2989366  |d 2991296